Cell physiology (Record no. 24971)

MARC details
000 -LEADER
fixed length control field 00409nam a2200169Ia 4500
082 ## - DEWEY DECIMAL CLASSIFICATION NUMBER
Classification number 576.32/.36
Item number GIE
100 ## - MAIN ENTRY--AUTHOR NAME
Personal name GIESE, Arthur C
245 #0 - TITLE STATEMENT
Title Cell physiology
250 ## - EDITION STATEMENT
Edition statement Ed.4
260 ## - PUBLICATION, DISTRIBUTION, ETC. (IMPRINT)
Place of publication London
Name of publisher W B Saunders
Year of publication 1973
650 ## - SUBJECT ADDED ENTRY--TOPICAL TERM
Topical Term Cell biology
650 ## - SUBJECT ADDED ENTRY--TOPICAL TERM
Topical Term Cell membrane
650 ## - SUBJECT ADDED ENTRY--TOPICAL TERM
Topical Term Cell Physiology
650 ## - SUBJECT ADDED ENTRY--TOPICAL TERM
Topical Term Photosynthesis
942 ## - ADDED ENTRY ELEMENTS (KOHA)
Koha item type Books
Holdings
Withdrawn status Lost status Damaged status Not for loan Home library Current library Date acquired Full call number Accession Number Koha item type
        RRII Library RRII Library 16/12/2021 576.32/.36 GIE 05635 Books